00612nam a22001937a 450000500170000001000150001702000270003202000240005903500130008303700130009608200080010910000200011724500830013726000460022027000390026630000250030549000380033050000500036820150908144546.0 aENG-113513 c1450.00a9789351480150 c1450.00a9351480151 aEN-97045 bDBAD/PUB a280 aD'Souza, Romero aChristian cosmology :cby Romero D' Souzaba manual of philosophy & theology / aNew DelhibChristian World Imprintsc2014 aH-12 Bali NagarbNew Delhie110015 axxvi,446p.c24cm(Hb) aChristian heritage rediscovered-7 aIncludes bibliographical references and index